000 00488nam a2200181Ia 4500
008 100917s9999 xx 000 0 und d
082 _b37005
100 _aवैद्य म. के.
245 _aपहिली बारी
260 _bदत्तात्रय रं. उपासक
_c1946
300 _a28
365 _b0.37
520 _a---
630 _aपहिली बारी
650 _a---
730 _aपहिली बारी
942 _cBOOK
999 _c642399
_d642396